000 00853nam a22002297a 4500
001 46911
003 BD-RjUL
005 20211209054229.0
008 160806s1991 bg ||||| |||| 00| 0 ben d
020 _a9840600280
_c: TK 40.00
035 _a(BD-RjUL)47030
040 _aBD-RjUL
_bben
_cBD-RjUL
041 _aben
082 _223
_a297.95492
_bTAZ 1991
100 _aতালিব, মুহাম্মদ আবূ
_9142914
245 1 0 _aযশোর জেলায় ইসলাম /
_cমুহাম্মদ আবূ তালিব
260 _aঢাকা :
_bইসলামিক ফাউন্ডেশন,
_c১৯৯১
300 _a[১০], ১৪১ পৃ. ;
_c২১ সেমি.
650 _aইসলাম
_zবাংলাদেশ
_9119382
650 _aIslam
_zBangladesh
_9118404
942 _2ddc
_cBK
999 _c46911
_d46911